000 00746nam a22002297a 4500
999 _c19436
_d19436
003 AR-CdUCM
008 190517b ||||| |||| 00| 0 spa d
020 _a84-249-0770-1
040 _aMUNICIPALIDAD PROVINCIAL DEL CUSCO
_cBIBLIOTECA MUNICIPAL DEL CUSCO
082 _a465 /
_bH61
100 _aHjelmslev, Louis
_939168
245 _aLa categoría de los casos :
_bestudio de gramática general /
260 _aMadrid :
_bGredos,
_c1978.
300 _a345 páginas ;
_c20 cm.
440 _aBiblioteca románica hispánica ;
_n2
_935890
505 _aContenido: Problema -- Sistema...
650 _aGramática
_99175
650 _aLenguaje
_95227
700 _aPiñero Torre, Félix
_940763
942 _2ddc
_cLIBROS
945 _aacv
_d2019-05-17